Top 50 Suchbegriffe zum Thema "Krankheit" - Statistiken

Allgemein
  • Dieses Quiz wurde 238 mal gespielt
  • Das Durchschnittsergebnis liegt bei 10 aus 50
Antwortstatistiken
Suchen pro Monat
(gerundet)
Suchbegriff % Korrekt
59 Tsd. Schnupfen
85%
96 Tsd. Kopfschmerzen
62%
21 Tsd. Bauch- & Beckenschmerzen
54%
77 Tsd. Koronare Herzkrankheit
49%
90 Tsd. Darmkrebs
42%
70 Tsd. Chronische Bronchitis
38%
50 Tsd. Grüner Star
37%
119 Tsd. Magenschleimhautentzündung
35%
81 Tsd. Rückenschmerzen
35%
46 Tsd. Brustkrebs
34%
29 Tsd. Nicht oder nur teilweise durchgebrochene Zähne
34%
23 Tsd. Erektionsstörung
33%
89 Tsd. HIV
28%
79 Tsd. Hepatitis B
27%
99 Tsd. Durchfall
25%
39 Tsd. Inkontinenz
23%
140 Tsd. Diabetes
22%
27 Tsd. Heuschnupfen
22%
21 Tsd. Asthma
19%
71 Tsd. Haarausfall
18%
102 Tsd. Depression
17%
32 Tsd. Prostatakrebs
17%
73 Tsd. Akne
16%
57 Tsd. Demenz
16%
38 Tsd. Niereninsuffizienz
16%
93 Tsd. Rheuma
16%
54 Tsd. Übergewicht
14%
295 Tsd. Schilddrüsenvergrößerung /Struma
12%
72 Tsd. Schwindel
11%
96 Tsd. Bluthochdruck
10%
12 Tsd. Psychosomatische Erkrankungen
10%
51 Tsd. Schwerhörigkeit
10%
74 Tsd. Burn-out
9%
107 Tsd. Neurodermitis
9%
91 Tsd. Bandscheibenvorfall
8%
34 Tsd. Krampfadern
8%
87 Tsd. Angststörung
7%
90 Tsd. Fettstoffwechselstörung
6%
109 Tsd. Magersucht
6%
32 Tsd. Degenerative Veränderung der Wirbel
5%
15 Tsd. Übermäßiges Schwitzen
5%
104 Tsd. ADHS
4%
91 Tsd. Schlafstörungen
4%
127 Tsd. Hämorrhoiden
3%
35 Tsd. Kurz- & Weitsichtigkeit
3%
20 Tsd. Muttermal
3%
27 Tsd. Divertikulose
2%
19 Tsd. Prostatavergrößerung
2%
74 Tsd. Wechseljahrbeschwerden
2%
24 Tsd. Häufiges Wasserlassen
1%
Keine übereinstimmenden Quizze gefunden
Verteilung der Resultate
Anzahl Personen mit jedem Resultat
Perzentil nach korrekt beantworteten Fragen
Ihre Resultats-Entwicklung
Sie haben dieses Quiz noch nicht gespielt